[Event "ICS rated blitz match"]
[Site "207.99.83.227"]
[Date "1999.04.20"]
[Round "?"]
[White "Hossa"]
[Black "TDChess"]
[Result "1/2-1/2"]
[WhiteElo "2527"]
[BlackElo "2605"]
[PlyCount "249"]

1. e4 e6 2. Nf3 d5 3. exd5 exd5 4. Nc3 Nf6 5. d4 Bb4 6. Qe2+ Ne4 7. Bd2 Bxc3 8.
Bxc3 O-O 9. Qd1 Nxc3 10. bxc3 Re8+ 11. Be2 Qe7 12. a3 Nc6 13. Rg1 Qd6 14. Qd3
Bg4 15. Kf1 Re6 16. h3 Bh5 17. Bd1 Rb8 18. Qb5 Ree8 19. a4 Bg6 20. Qb2 Qe6 21.
Rb1 Na5 22. Ra1 Nc4 23. Qc1 Bf5 24. Rh1 Qa6 25. Be2 Qa5 26. Bxc4 dxc4 27. Qb2
Qa6 28. Rh2 f6 29. a5 Rbd8 30. Qa2 Be4 31. Nd2 Bd5 32. Rd1 f5 33. h4 Qe6 34.
Kg1 Qe2 35. Qb1 f4 36. Nf1 f3 37. Ng3 Qe6 38. gxf3 Bxf3 39. Rf1 Qd5 40. a6 bxa6
41. Re1 Qb5 42. Qc1 c5 43. Re3 Qc6 44. Qf1 Bd5 45. Qe1 Be6 46. Rg2 cxd4 47.
cxd4 Rxd4 48. Nh5 Re7 49. Nxg7 Bh3 50. Rg5 Rxe3 51. Ne6+ Kf7 52. fxe3 Rd6 53.
Nd4 Qc8 54. Qg3 Rg6 55. Qf4+ Kg8 56. h5 Rxg5+ 57. Qxg5+ Kf7 58. Qf4+ Ke7 59.
Qe4+ Kd6 60. Kh2 Qg4 61. Qc6+ Ke7 62. Qb7+ Ke8 63. Qa8+ Kf7 64. Qxa7+ Kg8 65.
Qa8+ Qc8 66. Qd5+ Kg7 67. Qg5+ Kf7 68. Qf4+ Kg8 69. h6 Qg4 70. Qb8+ Kf7 71.
Qb7+ Kg6 72. Qxa6+ Kh5 73. Qc6 c3 74. Qc5+ Kxh6 75. Qd6+ Kg7 76. Qg3 Qxg3+ 77.
Kxg3 Bf1 78. e4 h5 79. e5 Kg6 80. Kf2 Bc4 81. Kg2 Kg5 82. Kh3 Kf4 83. e6 Ke5
84. e7 Bf7 85. Ne2 Ke6 86. Nxc3 Kxe7 87. Nd1 Kd6 88. c3 Bc4 89. Ne3 Be2 90. Kh4
Bf3 91. Nc4+ Kc5 92. Nd2 Be2 93. Kh3 Kb6 94. Kg3 Bd1 95. Kh4 Kc5 96. Kg5 Kc6
97. Ne4 Be2 98. Ng3 Bg4 99. Kf4 Kd7 100. Ne4 Be2 101. Ke3 Bg4 102. c4 Kc6 103.
Kd4 h4 104. Nf2 Bf5 105. c5 Bd7 106. Nd3 h3 107. Ne5+ Kb7 108. Nf3 Bb5 109. Nh2
Kc6 110. Ng4 Be2 111. Nh2 Bd1 112. Nf1 Bb3 113. Nh2 Kc7 114. Ng4 Bf7 115. Kc3
Kc6 116. Kb4 Bh5 117. Ne5+ Kd5 118. Nd3 h2 119. Nf2 Bf3 120. Kc3 Kxc5 121. Kd3
Bc6 122. Ke3 Bd7 123. Kf4 Kb6 124. Kg3 Ka7 125. Kxh2 {
Game drawn because neither player has mating material} 1/2-1/2

[Event "ICS rated blitz match"]
[Site "207.99.83.227"]
[Date "1999.04.20"]
[Round "?"]
[White "Hossa"]
[Black "TDChess"]
[Result "1/2-1/2"]
[WhiteElo "2531"]
[BlackElo "2626"]
[PlyCount "121"]

1. e4 e6 2. Nf3 d5 3. Nc3 Nf6 4. exd5 exd5 5. Bb5+ c6 6. Bd3 Be7 7. O-O O-O 8.
Re1 Ng4 9. Be2 d4 10. Ne4 Qd5 11. d3 Re8 12. Nxd4 Nxf2 13. Nxf2 Qxd4 14. Bg4
Bxg4 15. Qxg4 Qxg4 16. Nxg4 Na6 17. a3 f5 18. Ne3 Bc5 19. c3 f4 20. d4 fxe3 21.
dxc5 Nxc5 22. Rxe3 Nb3 23. Rb1 Nxc1 24. Rxe8+ Rxe8 25. Rxc1 Re2 26. b4 Ra2 27.
Rd1 Rxa3 28. Rd8+ Kf7 29. Rd7+ Kf6 30. Rxb7 Rxc3 31. Rxa7 Rc4 32. Rc7 h5 33.
Kf2 g5 34. Ke3 Ke5 35. Rg7 Kf5 36. Rb7 Rc2 37. Rf7+ Ke5 38. Rh7 h4 39. Kf3 Rc4
40. Re7+ Kf5 41. Rf7+ Ke6 42. Rb7 g4+ 43. Ke3 Rc2 44. Rc7 Kd6 45. Rh7 h3 46.
gxh3 gxh3 47. Rh5 Rxh2 48. b5 cxb5 49. Rxb5 Rh1 50. Kf4 Rd1 51. Rh5 Rd3 52. Kg4
Kc7 53. Rxh3 Rd8 54. Rh2 Rg8+ 55. Kh4 Rh8+ 56. Kg3 Rg8+ 57. Kh3 Rh8+ 58. Kg3
Rg8+ 59. Kh3 Rh8+ 60. Kg3 Rg8+ 61. Kh3 {Game drawn by repetition} 1/2-1/2

[Event "ICS rated blitz match"]
[Site "207.99.83.227"]
[Date "1999.04.20"]
[Round "?"]
[White "Hossa"]
[Black "Maroczy"]
[Result "1-0"]
[WhiteElo "2535"]
[BlackElo "2473"]
[PlyCount "105"]

1. e4 c5 2. Bc4 Nc6 3. c3 e6 4. Qe2 Nge7 5. d3 d5 6. exd5 exd5 7. Bb3 g6 8. Nf3
Bg7 9. Bg5 Be6 10. Nbd2 O-O 11. O-O Qd7 12. Rae1 Rae8 13. Qe3 b6 14. Qf4 Nf5
15. Ba4 a6 16. g4 Nfe7 17. h3 b5 18. Bb3 Nc8 19. Bh6 Qd6 20. Qxd6 Nxd6 21. Bxg7
Kxg7 22. Ng5 h6 23. Nxe6+ fxe6 24. f4 c4 25. dxc4 Nxc4 26. Nxc4 dxc4 27. Bd1
Nd8 28. b3 cxb3 29. axb3 g5 30. f5 exf5 31. Rxe8 Rxe8 32. gxf5 Kf6 33. Bg4 Nc6
34. Rd1 Rd8 35. Ra1 a5 36. Bf3 Rd6 37. Be4 h5 38. Ra2 g4 39. hxg4 hxg4 40. Kh2
Ke5 41. Bxc6 Rxc6 42. Rxa5 Rxc3 43. Rxb5+ Kf4 44. f6 Rc2+ 45. Kg1 Rc6 46. f7
Rf6 47. Rb7 Kg3 48. b4 Kh3 49. b5 g3 50. Re7 Rf5 51. b6 Rf3 52. b7 g2 53. Re1 {
Maroczy resigns} 1-0

[Event "ICS rated blitz match"]
[Site "207.99.83.227"]
[Date "1999.04.20"]
[Round "?"]
[White "petrosyanovich"]
[Black "Hossa"]
[Result "0-1"]
[WhiteElo "2188"]
[BlackElo "2549"]
[PlyCount "142"]

1. d4 Nf6 2. c4 g6 3. d5 Bg7 4. Nc3 d6 5. g3 e6 6. Bg2 exd5 7. cxd5 O-O 8. e4
Nfd7 9. Nge2 f5 10. exf5 Rxf5 11. O-O Rf8 12. Nd4 Nc5 13. h4 Qf6 14. Ndb5 Qf7
15. Be3 Kh8 16. Bd4 Bf5 17. Bxg7+ Qxg7 18. Qd4 Qxd4 19. Nxd4 Bd3 20. Rfe1 Nba6
21. a3 Rae8 22. b4 Nd7 23. f4 Nf6 24. Ne6 Rf7 25. Bf3 Rfe7 26. Kf2 c6 27. Nd4
Rxe1 28. Rxe1 Rxe1 29. Kxe1 c5 30. bxc5 Nxc5 31. Kd2 Be4 32. Nxe4 Ncxe4+ 33.
Kd3 Nxg3 34. Nb5 Nf5 35. Nxa7 Nxh4 36. Bh1 Nf5 37. Nb5 h5 38. Nc7 h4 39. Ne6 h3
40. Ng5 h2 41. Nf3 Ng4 42. Nxh2 Nxh2 43. Kc4 Ng3 44. Bg2 Ne2 45. Kb5 Nxf4 46.
Be4 Ng4 47. Kb6 Nf6 48. Bf3 g5 49. Kxb7 g4 50. Bxg4 Nxg4 51. Kc6 Kg7 52. Kxd6
Ne3 53. a4 Kf6 54. a5 Nc4+ 55. Kc5 Nxa5 56. d6 Ne6+ 57. Kb5 Nb7 58. Kc6 Nbd8+
59. Kd7 Kf7 60. Kc8 Ke8 61. d7+ Ke7 62. Kb8 Kd6 63. Ka8 Kc6 64. Kb8 Kb5 65. Ka7
Nc5 66. Kb8 Kb6 67. Kc8 Ncb7 68. Kb8 Nd6 69. Ka8 Nb5 70. Kb8 Nc6+ 71. Kc8 71...
Nd6# {petrosyanovich checkmated} 0-1

[Event "ICS rated blitz match"]
[Site "207.99.83.227"]
[Date "1999.04.20"]
[Round "?"]
[White "Hossa"]
[Black "petrosyanovich"]
[Result "1/2-1/2"]
[WhiteElo "2553"]
[BlackElo "2184"]
[PlyCount "128"]

1. e4 Nc6 2. Nf3 g6 3. d4 Bg7 4. Be2 d6 5. d5 Nb8 6. O-O Nf6 7. Nc3 O-O 8. Bg5
c5 9. Qd2 Nbd7 10. Bh6 a6 11. Kh1 b5 12. Bxg7 Kxg7 13. a3 b4 14. axb4 cxb4 15.
Na4 a5 16. Bd3 Ba6 17. Bxa6 Rxa6 18. Rfe1 Qc8 19. e5 dxe5 20. Nxe5 Rd6 21. Nxd7
Qxd7 22. c4 bxc3 23. Qxc3 Rc8 24. Nc5 Qc7 25. Rxa5 Rxd5 26. b4 Qd6 27. Ra7 Re8
28. Ne4 Qe5 29. f3 Nxe4 30. Qxe5+ Rxe5 31. Rxe4 Rxe4 32. fxe4 Rb8 33. h4 Rxb4
34. Rxe7 Kf6 35. Re8 h5 36. Kh2 Rb3 37. e5+ Kf5 38. Re7 f6 39. exf6 Kxf6 40.
Re8 Rb4 41. Kh3 Rb3+ 42. g3 Rb2 43. Re4 Ra2 44. g4 Ra3+ 45. Kg2 hxg4 46. Rxg4
Kf5 47. Rg5+ Kf6 48. Rd5 Rb3 49. Rd6+ Kf5 50. Rd4 Ra3 51. Kf2 Rb3 52. Ke2 Ra3
53. Kd2 Rg3 54. Rd7 Rh3 55. Rd4 Rg3 56. Rd7 Rh3 57. Rd4 Rg3 58. Rd7 Rg4 59. Rh7
Kf4 60. Kc3 Kg3 61. Rh6 Rxh4 62. Rxg6+ Rg4 63. Rh6 Rh4 64. Rxh4 64... Kxh4 {
Game drawn because neither player has mating material} 1/2-1/2

[Event "ICS rated blitz match"]
[Site "207.99.83.227"]
[Date "1999.04.20"]
[Round "?"]
[White "Maroczy"]
[Black "Hossa"]
[Result "0-1"]
[WhiteElo "2430"]
[BlackElo "2540"]
[PlyCount "58"]

1. e4 d6 2. d4 Nf6 3. Nc3 Nbd7 4. f4 Nb6 5. Nf3 d5 6. e5 Ne4 7. Bd3 Nxc3 8.
bxc3 Bg4 9. h3 Bxf3 10. Qxf3 e6 11. O-O Qd7 12. g4 Na4 13. Bd2 Nb2 14. f5 Nxd3
15. cxd3 O-O-O 16. fxe6 fxe6 17. Qf7 Qc6 18. Bg5 Re8 19. Rac1 Ba3 20. Rc2 Rhg8
21. Qh5 h6 22. Bc1 Bb4 23. Bd2 Qa4 24. Rfc1 Ba3 25. c4 Bxc1 26. Rxc1 Qxa2 27.
Be3 Qe2 28. Bf2 Rgf8 29. Qh4 29... Rf3 {Maroczy resigns} 0-1

[Event "ICS rated blitz match"]
[Site "207.99.83.227"]
[Date "1999.04.20"]
[Round "?"]
[White "lambChop"]
[Black "Hossa"]
[Result "1-0"]
[WhiteElo "2508"]
[BlackElo "2533"]
[Annotator "Crafty v16.6"]
[PlyCount "96"]

{annotating for player ossa  using a scoring margin of +0.10 pawns.  search
time limit is 10.00} 1. e4 1... c5 2. Nf3 Nc6 3. d4 cxd4 4. Nxd4 Qb6 5. Nb5 Nf6
6. Be3 Qa5+ 7. Qd2 Qd8 ({8:-0.51} 7... Qd8 8. Bd3 a6 9. N5c3 Ng4 10. O-O Nxe3
11. Qxe3 11... Ne5 $14) ({8:-0.26} 7... Nb4 8. c3 Nc6 9. c4 Qd8 10. N1c3 a6 11.
Nd4 $10) 8. N1c3 a6 9. Nd4 e5 10. Nxc6 bxc6 11. O-O-O Bb4 12. f3 Qa5 13. Bc4
O-O 14. Bg5 Ne8 15. Rhf1 Rb8 16. Qd3 Bxc3 17. Qxc3 Qxc3 18. bxc3 Nc7 19. Be7
Re8 20. Bd6 Rb7 21. a4 a5 22. f4 exf4 23. Rxf4 Ne6 24. Rf5 Nd8 25. Rxa5 Ne6 26.
Rd2 Kh8 27. Ra8 Nc7 28. Bxf7 Rf8 29. Bxf8 Nxa8 30. Bd6 h6 31. Rf2 Kh7 32. Bb3
Ra7 33. Rf8 Bb7 34. Rd8 Nb6 35. Bc5 Ra6 36. Rb8 d6 37. Bxb6 Rxb6 38. Bc4 h5 39.
a5 Ra6 40. Bxa6 Bxa6 41. Rb6 Bc4 42. a6 Bxa6 43. Rxa6 d5 44. e5 Kg6 45. Rxc6+
Kf5 46. e6 Kf6 47. Kd2 h4 48. Kd3 g5 1-0

[Event "ICS rated blitz match"]
[Site "207.99.83.227"]
[Date "1999.04.20"]
[Round "?"]
[White "Hossa"]
[Black "TDChess"]
[Result "0-1"]
[WhiteElo "2516"]
[BlackElo "2599"]
[Annotator "Crafty v16.6"]
[PlyCount "98"]

{annotating for player ossa  using a scoring margin of +0.10 pawns.  search
time limit is 10.00} 1. e4 1... e6 2. Nf3 d5 3. exd5 exd5 4. Bb5+ c6 5. Qe2+ ({
9:+0.03} 5. Qe2+ 5... Be7 6. Ba4 Nf6 7. O-O O-O 8. Re1 Re8 9. Nc3 9... Bg4 $10)
({9:+0.22} 5. Be2 5... Nf6 6. O-O Bd6 7. Nc3 O-O 8. Re1 Bf5 9. Ng5 $10) 5...
Be7 6. Ba4 Nf6 7. O-O O-O 8. d4 Re8 9. Bg5 b5 10. Bb3 Ba3 11. Bxf6 gxf6 12.
Qxe8+ Qxe8 13. Nxa3 Bg4 14. Rae1 Qd7 15. Nd2 Na6 16. Kh1 Re8 17. c3 Be2 18. Rg1
b4 19. Nab1 Kh8 20. Bc2 Qc8 21. Nb3 bxc3 22. Nxc3 Bg4 23. Bd1 Bf5 24. Be2 Nb4
25. Nc5 Qb8 26. Bd1 Rxe1 27. Rxe1 Nc2 28. Bxc2 Bxc2 29. b3 Qf4 30. Re8+ Kg7 31.
h3 Qxd4 32. N3a4 Qxf2 33. Rc8 Be4 34. Nxe4 dxe4 35. Rxc6 Qxa2 36. Rc3 Qd2 37.
Rg3+ Kf8 38. Kh2 f5 39. Rc3 f4 40. Kg1 Kg7 41. Rc4 f3 42. gxf3 exf3 43. Rg4+
Kh8 44. Kh1 f2 45. Kg2 Qe1 46. Rf4 Qg1+ 47. Kf3 f1=Q+ 48. Ke4 Qe2+ 49. Kd5 Qe6#
0-1

[Event "ICS Rated bullet match"]
[Site "207.99.83.227"]
[Date "1999.04.20"]
[Round "?"]
[White "Hossa"]
[Black "prili"]
[Result "1-0"]
[WhiteElo "2415"]
[BlackElo "1974"]
[PlyCount "39"]

1. e4 c6 2. Nc3 d5 3. exd5 c5 4. Nf3 Nf6 5. Bb5+ Bd7 6. Bc4 g6 7. O-O Bg7 8. d4
cxd4 9. Nxd4 O-O 10. Bf4 a6 11. Qd3 Bc8 12. Rae1 Nbd7 13. d6 e6 14. Nf3 b5 15.
Bb3 Nb6 16. Ne5 Bb7 17. Nxf7 Rxf7 18. Bxe6 Nc8 19. Be5 Nxd6 20. Bxd6 {
prili resigns} 1-0

[Event "ICS rated blitz match"]
[Site "207.99.83.227"]
[Date "1999.04.20"]
[Round "?"]
[White "TDChess"]
[Black "Hossa"]
[Result "1-0"]
[WhiteElo "2603"]
[BlackElo "2513"]
[Annotator "Crafty v16.6"]
[PlyCount "125"]

{annotating for player ossa  using a scoring margin of +0.10 pawns.  search
time limit is 10.00} 1. d4 1... Nf6 2. Nf3 e6 3. e3 Be7 4. Nc3 O-O 5. Bd3 d5 6.
O-O c5 7. b3 Nc6 8. Ne5 Nb4 9. Bb5 a6 10. Be2 Qc7 11. Bb2 Bd6 12. f4 cxd4 13.
exd4 b5 14. a4 bxa4 15. Rxa4 Bb7 16. Ra1 Rac8 17. Qd2 Qb6 18. Na4 Qa7 19. c4
Ne4 20. Qd1 Kh8 21. c5 Bc7 22. Nc3 Bb8 23. Nd7 Bc6 24. Nxf8 Rxf8 25. Na2 Nxa2
26. Rxa2 a5 27. b4 Qb7 28. bxa5 Qe7 29. Rf3 Qh4 30. Bc1 Bc7 31. a6 Rb8 32. a7
Ra8 33. Ra1 Qd8 34. Rb3 Qf6 35. Ra6 Bd7 36. Rf3 Bc8 37. Raa3 Bd7 38. Ra2 Bc6
39. Ra6 Bb7 40. Raa3 Bc6 41. Bf1 Qf5 42. Qd3 Qf6 43. Qa6 Bd7 44. Qb7 Qd8 45. f5
Kg8 46. Be2 exf5 47. Qxd5 Be6 48. Qxd8+ Bxd8 49. Bb5 Bd5 50. Rxf5 Bb7 51. Re5
Bf6 52. c6 Ba6 53. Rxe4 Bxb5 54. Rb3 g6 55. c7 Be5 56. Rxe5 Bd7 57. Rb8+ Kg7
58. Rxa8 h5 59. Rg8+ Kxg8 60. a8=Q+ Kh7 61. Qf8 Bg4 62. Qxf7+ Kh8 63. Re8# 1-0

[Event "ICS rated blitz match"]
[Site "207.99.83.227"]
[Date "1999.04.20"]
[Round "?"]
[White "Hossa"]
[Black "ribadeepmind"]
[Result "1-0"]
[WhiteElo "2501"]
[BlackElo "2118"]
[PlyCount "85"]

1. e4 e5 2. Nf3 Nc6 3. Bc4 Be7 4. Nc3 Nf6 5. d4 d6 6. dxe5 Nxe5 7. Nxe5 dxe5 8.
Qxd8+ Bxd8 9. O-O c6 10. Bg5 h6 11. Bh4 g5 12. Bg3 Bc7 13. Rad1 O-O 14. Kh1 Nh5
15. Rd2 Kg7 16. Kg1 Nf4 17. Bxf4 gxf4 18. Rd3 a5 19. Bb3 b5 20. a3 Kf6 21. Rd2
Be6 22. Bxe6 Kxe6 23. Rfd1 Rad8 24. a4 b4 25. Nb1 f5 26. Re1 fxe4 27. Rxe4 Kf5
28. f3 Bb6+ 29. Kf1 Be3 30. g4+ Kf6 31. Re2 Rd1+ 32. Re1 Rfd8 33. h4 c5 34. h5
Rxe1+ 35. Kxe1 Rd4 36. Rxd4 exd4 37. b3 Ke5 38. Nd2 d3 39. Nc4+ Kd4 40. cxd3
Bc1 41. g5 hxg5 42. h6 Kxd3 43. h7 {ribadeepmind resigns} 1-0

[Event "ICS rated blitz match"]
[Site "207.99.83.227"]
[Date "1999.04.20"]
[Round "?"]
[White "TDChess"]
[Black "Hossa"]
[Result "0-1"]
[WhiteElo "2615"]
[BlackElo "2504"]
[PlyCount "92"]

1. d4 Nf6 2. Nf3 e6 3. e3 Be7 4. Nc3 O-O 5. Bd3 d5 6. O-O c5 7. b3 Nc6 8. Ne5
Nb4 9. Bb5 a6 10. Be2 Qc7 11. Bb2 Bd6 12. f4 cxd4 13. exd4 b5 14. a4 bxa4 15.
Rxa4 Bb7 16. Ra1 Rac8 17. Rf3 Ne4 18. Nxe4 dxe4 19. Rc3 Qd8 20. Ra4 Nd5 21.
Rxc8 Qxc8 22. g3 Bxe5 23. fxe5 Ne3 24. Qd2 Qxc2 25. Qxc2 Nxc2 26. Bxa6 Bxa6 27.
Rxa6 Rd8 28. Rc6 Nb4 29. Rc4 Rb8 30. Ba3 Nd5 31. Bd6 Ra8 32. Rc1 h5 33. b4 Ra4
34. Rb1 e3 35. Bc5 Ra2 36. Kh1 Rd2 37. Kg1 Kh7 38. Rf1 Kg6 39. Rb1 Kh6 40. Rf1
Kg5 41. b5 Kg4 42. Rxf7 Rd1+ 43. Kg2 e2 44. Rxg7+ Kf5 45. Rf7+ Ke4 46. Kh3
46... e1=Q {TDChess resigns} 0-1

[Event "ICS rated blitz match"]
[Site "207.99.83.227"]
[Date "1999.04.20"]
[Round "?"]
[White "tweedle-dee"]
[Black "Hossa"]
[Result "0-1"]
[WhiteElo "2141"]
[BlackElo "2525"]
[PlyCount "41"]

1. e4 c5 2. d4 cxd4 3. c3 dxc3 4. Bc4 cxb2 5. Bxb2 Nc6 6. Nf3 d6 7. O-O e6 8.
Re1 Nf6 9. Nc3 Be7 10. Nb5 O-O 11. Bxf6 Bxf6 12. Nxd6 Bxa1 13. e5 Bc3 14. Re3
Qa5 15. Ng5 Bd2 16. Qh5 h6 17. Ngxf7 Bxe3 18. fxe3 Qe1+ 19. Bf1 Qxe3+ 20. Kh1
Nxe5 21. h3 {tweedle-dee resigns} 0-1

[Event "ICS rated blitz match"]
[Site "207.99.83.227"]
[Date "1999.04.20"]
[Round "?"]
[White "Hossa"]
[Black "Kengtin"]
[Result "1-0"]
[WhiteElo "2528"]
[BlackElo "2256"]
[PlyCount "55"]

1. e4 e5 2. Nf3 Nc6 3. Bc4 Bc5 4. c3 Qe7 5. O-O d6 6. d4 Bb6 7. dxe5 Nxe5 8.
Nxe5 dxe5 9. b3 Nf6 10. Ba3 Bc5 11. b4 Bd6 12. Nd2 O-O 13. Qb3 a5 14. Rad1 axb4
15. Bxb4 Bxb4 16. cxb4 c6 17. a4 Rd8 18. Kh1 Bd7 19. a5 Be8 20. f4 Rd7 21. fxe5
Qxe5 22. Nf3 Qe7 23. Rxd7 Nxd7 24. e5 Nf8 25. Nd2 Ne6 26. Ne4 Nd4 27. Qg3 Kh8
28. Nd6 {Kengtin resigns} 1-0

[Event "ICS rated blitz match"]
[Site "207.99.83.227"]
[Date "1999.04.20"]
[Round "?"]
[White "TDChess"]
[Black "Hossa"]
[Result "1-0"]
[WhiteElo "2606"]
[BlackElo "2534"]
[Annotator "Crafty v16.6"]
[PlyCount "125"]

{annotating for player ossa  using a scoring margin of +0.10 pawns.  search
time limit is 10.00} 1. d4 1... Nf6 2. Nf3 e6 3. e3 Be7 4. Nc3 O-O 5. Bd3 d5 6.
O-O c5 7. b3 Nc6 8. Ne5 Nb4 9. Bb5 a6 10. Be2 Qc7 11. Bb2 Bd6 12. f4 cxd4 13.
exd4 b5 14. Qd2 Nc6 15. Bxb5 axb5 16. Nxb5 Qb8 17. a4 Bb4 18. Nxc6 Bxd2 19.
Nxb8 Rxb8 20. Ba3 Re8 21. Bd6 Rb7 22. Be5 Ne4 23. Rf3 Bd7 24. Nd6 Nxd6 25. Bxd6
Rc8 26. Ra2 Rc3 27. Rxc3 Bxc3 28. Bc5 Be8 29. a5 Rb5 30. a6 Bc6 31. a7 Ba8 32.
Ra4 h5 33. Kf2 Bd2 34. g3 Bc3 35. Ra6 Kh7 36. Rd6 Ra5 37. Rd8 Bb7 38. Rb8 Bc6
39. Rc8 Bb7 40. Rc7 Ba8 41. Ke3 h4 42. gxh4 Ra2 43. Kd3 Be1 44. h5 f5 45. Bf8
Ra1 46. Rxg7+ Kh6 47. Rg5+ Kh7 48. Rg1 Kh8 49. Rf1 Bc3 50. Rxa1 Bxa1 51. c3 Kg8
52. Bb4 e5 53. dxe5 Kg7 54. e6 Kf6 55. h6 Bc6 56. e7 Kg6 57. e8=Q+ Bxe8 58.
a8=Q Bb5+ 59. Ke3 Kxh6 60. Qg8 Bxc3 61. Bf8+ Bg7 62. Qxg7+ Kh5 63. Qg5# 1-0

[Event "ICS rated blitz match"]
[Site "207.99.83.227"]
[Date "1999.04.20"]
[Round "?"]
[White "Hossa"]
[Black "Kengtin"]
[Result "1-0"]
[WhiteElo "2521"]
[BlackElo "2243"]
[PlyCount "65"]

1. e4 e5 2. Nf3 Nc6 3. Bc4 Bc5 4. c3 Qe7 5. O-O d6 6. d4 Bb6 7. dxe5 Nxe5 8.
Nxe5 dxe5 9. b3 Nf6 10. Ba3 Bc5 11. b4 Bd6 12. Nd2 O-O 13. Qb3 a5 14. Rad1 axb4
15. Bxb4 Bxb4 16. cxb4 c6 17. a4 b5 18. axb5 cxb5 19. Bxb5 Rb8 20. Qa4 Qb7 21.
Bc4 Qxb4 22. Qxb4 Rxb4 23. Rb1 Rxb1 24. Rxb1 Bd7 25. Rb7 Bc6 26. Re7 Bxe4 27.
Rxe5 Bc6 28. Re7 g6 29. Nb3 Kg7 30. Nd4 Bd7 31. h4 h5 32. Nf3 Nh7 33. Rxd7 {
Kengtin resigns} 1-0

[Event "ICS rated blitz match"]
[Site "207.99.83.227"]
[Date "1999.04.20"]
[Round "?"]
[White "SKIPPER"]
[Black "Hossa"]
[Result "0-1"]
[WhiteElo "2177"]
[BlackElo "2538"]
[PlyCount "62"]

1. Nf3 c5 2. e4 d6 3. d4 cxd4 4. Nxd4 Nf6 5. Nc3 e6 6. Be2 Be7 7. O-O O-O 8.
Kh1 Nc6 9. Nb3 d5 10. exd5 exd5 11. Nd4 Nxd4 12. Qxd4 Bf5 13. Bd3 Bxd3 14. cxd3
Re8 15. Bf4 b6 16. b4 a5 17. a3 Bd6 18. Nb5 Bxf4 19. Qxf4 Qd7 20. Nc7 Nh5 21.
Qg5 Qxc7 22. Qxh5 axb4 23. axb4 Rxa1 24. Rxa1 Qc3 25. Rg1 Qxd3 26. h3 g6 27.
Qg5 Kg7 28. Rc1 Re4 29. Kh2 Rxb4 30. Rc6 Qd4 31. Qd8 31... Qf4+ {
SKIPPER resigns} 0-1

[Event "ICS rated blitz match"]
[Site "207.99.83.227"]
[Date "1999.04.20"]
[Round "?"]
[White "Hossa"]
[Black "iccjunkie"]
[Result "1-0"]
[WhiteElo "2542"]
[BlackElo "2459"]
[PlyCount "97"]

1. e4 e6 2. Nf3 d5 3. Nc3 Nf6 4. exd5 exd5 5. Bb5+ c6 6. Bd3 Bd6 7. O-O O-O 8.
Be2 Bf5 9. d3 h6 10. Be3 Re8 11. Nd4 Bc8 12. Re1 Nbd7 13. Nf5 Bf8 14. Bf3 Ne5
15. Bd4 Bxf5 16. Rxe5 g6 17. Rxe8 Nxe8 18. Qe2 Bg7 19. Bxg7 Nxg7 20. Qe5 Qb6
21. b4 Re8 22. Qf4 g5 23. Qd2 Qxb4 24. Rb1 Qf4 25. Qxf4 gxf4 26. Ne2 Ne6 27.
Rxb7 Nd4 28. Kf1 Nxf3 29. gxf3 Bh3+ 30. Ke1 Bg2 31. Kd2 Bxf3 32. Nxf4 a5 33.
Ra7 Kg7 34. Rxa5 Kf6 35. Ra7 Re7 36. Rxe7 Kxe7 37. c3 Kd6 38. a4 c5 39. Ke3 Bd1
40. a5 Kc6 41. d4 c4 42. a6 Kb6 43. Nxd5+ Kxa6 44. Nf6 Bc2 45. Ng4 h5 46. Ne5
f6 47. Nxc4 Bb3 48. Nd6 Kb6 49. Ne4 {iccjunkie resigns} 1-0

[Event "ICS Rated blitz match"]
[Site "207.99.83.227"]
[Date "1999.04.20"]
[Round "?"]
[White "Hossa"]
[Black "Fallen-Star"]
[Result "1-0"]
[WhiteElo "2550"]
[BlackElo "2271"]
[PlyCount "73"]

1. e4 c6 2. Nc3 d5 3. exd5 cxd5 4. Bb5+ Bd7 5. Bxd7+ Qxd7 6. Nf3 Nf6 7. d3 e6
8. Bg5 Be7 9. O-O Nc6 10. Qd2 O-O 11. Qf4 a6 12. Rae1 b5 13. d4 Rac8 14. Qg3
Kh8 15. Ne5 Nxe5 16. dxe5 Ng8 17. a3 Bxg5 18. Qxg5 Ne7 19. Re3 Nf5 20. Rh3 Qe7
21. Qh5 h6 22. Nxd5 exd5 23. Qxf5 Rfe8 24. Rh5 Qe6 25. c3 Red8 26. Rd1 d4 27.
Qg5 Rd5 28. cxd4 Rc2 29. b4 Ra2 30. Qc1 Qd7 31. Rd3 Rxd4 32. e6 fxe6 33. Rxh6+
Kg8 34. Rxd4 Qxd4 35. Qc8+ Kf7 36. Qxe6+ Kf8 37. Rh8# {Fallen-Star checkmated}
1-0

[Event "ICS Rated blitz match"]
[Site "207.99.83.227"]
[Date "1999.04.20"]
[Round "?"]
[White "nimraz"]
[Black "Hossa"]
[Result "0-1"]
[WhiteElo "2362"]
[BlackElo "2548"]
[PlyCount "80"]

1. g3 e5 2. b3 d5 3. Bb2 Nc6 4. Bg2 Nf6 5. d3 Bb4+ 6. Nd2 O-O 7. a3 Bxd2+ 8.
Qxd2 Bg4 9. Nf3 e4 10. Nd4 Nxd4 11. Bxd4 exd3 12. cxd3 Re8 13. e3 Nh5 14. O-O
Rf8 15. h3 Be6 16. b4 Qg5 17. Kh2 a6 18. Qe1 Rab8 19. f4 Qd8 20. g4 Nf6 21. f5
Bd7 22. g5 Ne8 23. f6 Bb5 24. fxg7 Nxg7 25. Rd1 Qxg5 26. Rg1 f6 27. Kh1 Kh8 28.
Qf2 Rbe8 29. Bf3 Qh6 30. Rg2 Qxh3+ 31. Rh2 Qe6 32. Rg1 Bxd3 33. Qh4 Rf7 34.
Rhg2 Nf5 35. Bxd5 Qxd5 36. Bxf6+ Ng7 37. Qh6 Rg8 38. Kh2 Qd6+ 39. Kh3 Rxf6 40.
Qh4 40... Rh6 {nimraz resigns} 0-1

[Event "ICS Rated blitz match"]
[Site "207.99.83.227"]
[Date "1999.04.20"]
[Round "?"]
[White "Hossa"]
[Black "nimraz"]
[Result "1-0"]
[WhiteElo "2556"]
[BlackElo "2354"]
[PlyCount "99"]

1. e4 g6 2. Be2 b6 3. Nf3 Bb7 4. Nc3 Bg7 5. d4 d6 6. O-O Nd7 7. Bg5 Ngf6 8. Qd3
h6 9. Bf4 O-O 10. Rae1 c5 11. d5 Nh5 12. Be3 a6 13. Qd2 Kh7 14. Kh1 Nhf6 15.
Rg1 b5 16. Qd3 c4 17. Qd2 b4 18. Nd1 a5 19. Bxc4 Nxe4 20. Qd3 Ndc5 21. Qe2 Nf6
22. Bxc5 dxc5 23. Qxe7 Bxd5 24. Qe2 Re8 25. Qd3 Bxc4 26. Qxc4 Qc7 27. Qh4 Kg8
28. Ne3 g5 29. Qh3 Ne4 30. Rgf1 Rad8 31. Nf5 Qf4 32. Nxh6+ Bxh6 33. Qxh6 Re6
34. Qh5 Rde8 35. Rxe4 Rxe4 36. Nxg5 R4e6 37. Nxe6 Rxe6 38. Qxc5 Re5 39. Qd6 Kg7
40. Kg1 f6 41. Qd7+ Kg6 42. Rd1 Re2 43. Qd3+ Qe4 44. Qxe4+ Rxe4 45. Kf1 Rc4 46.
Rd2 f5 47. g3 f4 48. g4 Kg5 49. f3 Kh4 50. Rd5 {nimraz resigns} 1-0

[Event "ICS Rated blitz match"]
[Site "207.99.83.227"]
[Date "1999.04.20"]
[Round "?"]
[White "nimraz"]
[Black "Hossa"]
[Result "0-1"]
[WhiteElo "2346"]
[BlackElo "2564"]
[PlyCount "112"]

1. g3 e5 2. Bg2 Nc6 3. b3 d5 4. Bb2 Bg4 5. h3 Bf5 6. d3 Nf6 7. Nd2 Bb4 8. Ngf3
Qe7 9. O-O O-O-O 10. a3 Bxd2 11. Nxd2 h5 12. c4 Be6 13. Qc2 h4 14. g4 d4 15. b4
Qd6 16. c5 Qd7 17. b5 Ne7 18. c6 bxc6 19. bxc6 Qd6 20. Qa4 Rdg8 21. Rfc1 Bd5
22. Qxa7 Nxc6 23. Qa6+ Kd7 24. Nc4 Qe6 25. e4 dxe3 26. Nxe3 Bxg2 27. Kxg2 Ra8
28. Qc4 Rae8 29. Rc2 Qxc4 30. Rxc4 Rb8 31. Rac1 Rxb2 32. Rxc6 Rb7 33. g5 Ne8
34. Ng4 Rb5 35. Kf3 Rh5 36. g6 f5 37. Ne3 Rb3 38. Ke2 Rxa3 39. Nd5 Ra7 40. Kf3
Rg5 41. R6c5 Rxg6 42. Ne3 Rd6 43. R1c3 Ke6 44. Nc4 Rd5 45. Rc6+ Nd6 46. Ne3
Rxd3 47. Rxd3 e4+ 48. Ke2 exd3+ 49. Kxd3 g5 50. f4 gxf4 51. Ng2 Ra3+ 52. Kd4
Ra4+ 53. Kd3 f3 54. Ne3 Ra3+ 55. Kd2 Kd7 56. Rc1 56... Ne4+ {nimraz resigns}
0-1

[Event "ICS Rated blitz match"]
[Site "207.99.83.227"]
[Date "1999.04.20"]
[Round "?"]
[White "Hossa"]
[Black "nimraz"]
[Result "1-0"]
[WhiteElo "2571"]
[BlackElo "2339"]
[PlyCount "71"]

1. e4 c5 2. Bc4 e6 3. Nc3 a6 4. a4 b6 5. Nf3 Bb7 6. O-O Qc7 7. d4 cxd4 8. Qxd4
Nc6 9. Qd2 Nf6 10. Re1 Bc5 11. Qg5 O-O-O 12. Qxg7 Ne5 13. Nxe5 Qxe5 14. Qg5 Qd4
15. Be3 Qxc4 16. Qxf6 Rdg8 17. Bxc5 Qxc5 18. Red1 h5 19. Qxf7 Bc6 20. Qf3 Rf8
21. Qe2 Rhg8 22. Qxa6+ Kd8 23. Rf1 h4 24. a5 Qg5 25. g3 hxg3 26. Qxb6+ Ke8 27.
fxg3 Qd2 28. Qb8+ Ke7 29. Qb4+ Ke8 30. Rad1 Rxf1+ 31. Rxf1 Qe3+ 32. Kh1 Qa7 33.
Nb5 Qe3 34. Nd6+ Kd8 35. Qb8+ Ke7 36. Rf7# {nimraz checkmated} 1-0